Možnosti uplatnenia daňového odpisovania HIM podľa obstarávacej ceny stanovenej súdnym znalcom

Určovanie vstupnej ceny hmotného a nehmotného majetku na základe tzv. reprodukčnej obstarávacej ceny. Možnosti použitia znaleckého posudku na určenie vstupnej ceny k daňovému odpisovaniu. Prehľad prameňov k tejto problematike. Vstupná cena pre účel daňového odpisovania.

Salvato in:
Dettagli Bibliografici
Autore principale: Burák, Emil
Natura: Capitolo di libro
Lingua:slovacco
Soggetti:
Tags: Aggiungi Tag
Nessun Tag, puoi essere il primo ad aggiungerne!!

MARC

LEADER 00000naa a2200000 4500
001 r030541
005 20230919080830.2
041 0 |a slo 
044 |a SK 
245 1 0 |a Možnosti uplatnenia daňového odpisovania HIM podľa obstarávacej ceny stanovenej súdnym znalcom  |c Emil Burák 
520 |a Určovanie vstupnej ceny hmotného a nehmotného majetku na základe tzv. reprodukčnej obstarávacej ceny. Možnosti použitia znaleckého posudku na určenie vstupnej ceny k daňovému odpisovaniu. Prehľad prameňov k tejto problematike. Vstupná cena pre účel daňového odpisovania. 
610 2 0 |a odpisy daňové 
610 2 0 |a majetok hmotný 
610 2 0 |a majetok nehmotný 
610 2 0 |a posudky znalecké 
610 2 0 |a ceny obstarávacie 
610 2 0 |a legislatíva 
610 2 0 |a predpisy právne 
100 1 |a Burák, Emil